00459cam a2200169ua 450000100060000000800390000602000180004504000090006308200160007210000350008824500620012325000120018526000420019730000100023965300130024965300270026211199190904n ii |||gr||||Z||||||asm a9788193319819 cMAIN a398.0954162 aHemanta Kr. Chaliha,eWriter., aSonowal kachari sanskriti adhayancBy Hemanta Kr. Chaliha a1st ed. aGuwahati:bSatirtha gyanyatra,c2017. a247p. aFolklore aSonowal tribe of Assam